SHARIRIK SHIKSHA (Record no. 12184)

MARC details
000 -LEADER
fixed length control field 00302nam a22001457a 4500
003 - CONTROL NUMBER IDENTIFIER
control field SGT
082 ## - DEWEY DECIMAL CLASSIFICATION NUMBER
Classification number 370
Item number S10S
100 ## - MAIN ENTRY--PERSONAL NAME
Personal name SHARMA, N.P.
245 ## - TITLE STATEMENT
Title SHARIRIK SHIKSHA
250 ## - EDITION STATEMENT
Edition statement 1ST
260 ## - PUBLICATION, DISTRIBUTION, ETC. (IMPRINT)
Place of publication, distribution, etc NEW DELHI
Name of publisher, distributor, etc KHEL SAHITYA KENDRA
Year of Publication 2010
300 ## - PAGE DESCRIPTION
No. of Pages 301
650 ## - SUBJECT ADDED ENTRY--TOPICAL TERM
Topical term or geographic name as entry element EDUCATION
942 ## - ADDED ENTRY ELEMENTS (KOHA)
Source of classification or shelving scheme Dewey Decimal Classification
Koha item type Books
Holdings
Withdrawn status Lost status Source of classification or shelving scheme Damaged status Not for loan Collection code Home library Current library Shelving location Date acquired Vendor Name Cost, normal purchase price SGTU Bill Number Full call number Accession No. (Barcode) Date last seen Bill Date Koha item type
    Dewey Decimal Classification     EDUCATION SGT Engineering Library SGT Engineering Library Text Book 05/07/2017 INDIAN PUB 500.00 SGTU 101/102 370 S10S ED2221 05/07/2017 22/11/2016 Books
    Dewey Decimal Classification     EDUCATION SGT Engineering Library SGT Engineering Library Text Book 05/07/2017 INDIAN PUB 500.00 SGTU 101/102 370 S10S ED2222 05/07/2017 22/11/2016 Books
    Dewey Decimal Classification     EDUCATION SGT Engineering Library SGT Engineering Library Text Book 05/07/2017 INDIAN PUB 500.00 SGTU 101/102 370 S10S ED2223 05/07/2017 22/11/2016 Books
    Dewey Decimal Classification     EDUCATION SGT Engineering Library SGT Engineering Library Text Book 05/07/2017 INDIAN PUB 500.00 SGTU 101/102 370 S10S ED2224 05/07/2017 22/11/2016 Books
    Dewey Decimal Classification     EDUCATION SGT Engineering Library SGT Engineering Library Text Book 05/07/2017 INDIAN PUB 500.00 SGTU 101/102 370 S10S ED2225 05/07/2017 22/11/2016 Books